Municipios de Sonora - con mapa - Estadísticas

Estadísticas generales
  • Esta prueba ha sido intentada 310 veces
    283 desde el último reinicio
  • La puntuación promedio es 43 de 72
Respuestas en el mapa
Las respuestas están codificadas por una escala verde-roja en el mapa de la prueba según el % correcto abajo.
 
Estadísticas de respuestas
Respuesta % Correcto
Hermosillo
94%
Agua Prieta
86%
Guaymas
86%
San Luis Río Colorado
86%
Naco
82%
Navojoa
80%
Cajeme
78%
Nacozari
78%
Nogales
78%
Caborca
76%
Puerto Peñasco
76%
Álamos
73%
Empalme
73%
Santa Ana
73%
Huatabampo
71%
Magdalena
71%
Yécora
71%
Altar
69%
Ures
69%
Fronteras
67%
Baviácora
65%
Cananea
65%
Pitiquito
65%
Arizpe
63%
Imuris
63%
Sahuaripa
63%
Bácum
61%
Bavispe
61%
Etchojoa
61%
Mazatán
61%
Moctezuma
61%
Benito Juárez
59%
Benjamín Hill
59%
Bacoachi
57%
Atil
55%
Bacanora
55%
Carbó
55%
Cumpas
55%
General Plutarco Elías Calles
55%
Nácori Chico
55%
Rosario
55%
San Ignacio Río Muerto
55%
Sáric
55%
Quiriego
53%
Trincheras
53%
Tubutama
53%
Bacerac
51%
Huachinera
51%
Huásabas
51%
La Colorada
51%
Onavas
51%
San Pedro de la Cueva
51%
Santa Cruz
51%
Suaqui Grande
51%
Tepache
51%
Aconchi
49%
Arivechi
49%
Opodepe
49%
Oquitoa
49%
San Felipe de Jesús
49%
Bacadéhuachi
47%
San Miguel de Horcasitas
47%
Banámichi
45%
Cucurpe
45%
Divisaderos
45%
Huépac
45%
Rayón
45%
Villa Pesqueira
45%
Granados
43%
Soyopa
43%
San Javier
41%
Villa Hidalgo
41%
No se encontraron pruebas coincidentes
Distribución de puntuación
Porcentaje de gente con cada puntuación
Porcentaje por número respondido
Historial de tus puntuaciones
No has intentado esta prueba desde el último reinicio